| 000 | 00516cam a2200205ua 4500 | ||
|---|---|---|---|
| 020 | _c9.445 | ||
| 041 |
_aeng _h |
||
| 082 |
_a541.3 _bGEO/MO |
||
| 100 | _aGeorge, C D . | ||
| 245 |
_aModern physical chemistry / _cC D George. _hTextual Documents |
||
| 250 |
_a2 / _b. |
||
| 260 |
_aThiruchirapalli : _bJosephs Industrial School Press , _c1959. |
||
| 300 | _a600 ; . | ||
| 365 | _a9.445 | ||
| 504 | _a | ||
| 700 | 1 | _aJoseph, C D . | |
| 700 | 1 | _aThomas , P M . | |
| 942 | _cBK | ||
| 999 |
_c9570 _d9570 |
||